00479nam a22001457a 4500082001400000100001700014100002200031100003900053245009100092260002700183300000800210700004000218700003600258700003900294 aR/1EEF-18 aSaeed Zaman  aRoll No. F-18EE17 aSupervisor - Dr. Imran Ahmed Samo  aImpacts of Improper Solid Waste Management on Health and Environment of Nawabshah City aNawabshahbQUESTc2022 a43p aDepartment of Energy & Environment  aAqsa Sarwar (Roll No. F-18EE18) aMujahid Ali (Roll No. F-18-18EE52)